16th International Conference on Nuclear Engineering - Volume 2: Fuel Cycle and High Level Waste Management; Computational Fluid Dynamics, Neutronics Methods and Coupled Codes; Student Paper Competition

Podrobná bibliografie
Médium: Elektronický zdroj Časopis
Jazyk:English
Vydáno: ASME
On-line přístup:Full text available on ASME[2008-2008]
Off-campus access
LEADER 01089cas a2200181 a 4500
001 AALConferenceProceedingsASME000752
008 230101c9999 xx r poo 0 0eng d
020 |a 0-7918-4815-9 
040 |a BD-DhAAL  |c BD-DhAAL 
245 0 0 |h [electronic resource]  |a 16th International Conference on Nuclear Engineering - Volume 2: Fuel Cycle and High Level Waste Management; Computational Fluid Dynamics, Neutronics Methods and Coupled Codes; Student Paper Competition 
260 |b ASME 
300 |a 1 online resource 
500 |a <strong>Off-Campus Access:</strong> Athens ID and Password Required 
500 |a <strong>On-Campus Access:</strong> No User ID or Password Required 
506 |a Electronic access restricted to authorized BRAC University faculty, staff and students 
538 |a Mode of access: Internet 
856 4 0 |z Full text available on ASME[2008-2008]  |u https://asmedigitalcollection.asme.org/ICONE/ICONE16/volume/48159 
856 4 0 |z Off-campus access  |u https://go.openathens.net/redirector/bracu.ac.bd?url=https%3A%2F%2Fasmedigitalcollection.asme.org%2FICONE%2FICONE16%2Fvolume%2F48159